00743nam a22002057a 4500003000900000008004100009040007100050082002700121100002800148245005900176260002800235300002500263505013500288650002000423650001600443650001200459650002600471650002300497650001700520AR-CdUCM190425b ||||| |||| 00| 0 spa d aMUNICIPALIDAD PROVINCIAL DEL CUSCOcBIBLIOTECA MUNICIPAL DEL CUSCO aTS/340.4/E93/1971bE93 aEstrada Pérez, Daniel aEl fuero privativo agrario y la audiencia de pruebas / aCusco :bUNSAAC,c1971. a168 hojas. :c28 cm. aContenido: El fuero privativo en el Perú -- El fuero privativo agrario -- La audiencia de pruebas en el fuero privativo agrario. aProceso agrario aAgricultura aTierras aLegislación agraria aTesis bachillerato aCusco Perú